| 000 | 01046nam a22003377a 4500 | ||
|---|---|---|---|
| 001 | 0052803 | ||
| 003 | KOHA_MİRAKIL | ||
| 005 | 20260207003856.0 | ||
| 007 | ta | ||
| 008 | 150629b2013 tu |||gr||||#0|||1|tur | | ||
| 020 | _a9786050808544 | ||
| 040 |
_aTR-BiSEU _btur _cTR-BiSEU _erda |
||
| 041 | 0 | _atur | |
| 044 | _ctu | ||
| 050 |
_aPL245.Y35 _bK95 2013 |
||
| 100 | 1 | _aYalsızuçanlar, Sadık. | |
| 245 | 1 |
_aKüf : _btoplu öyküleri 2/ _cSadık Yalsızuçanlar ; Sadık Yalsızuçanlar. |
|
| 264 | 1 |
_aİstanbul : _bTimaş Yayınları _c2013 |
|
| 300 |
_a320 sayfa ; _c21 cm. |
||
| 336 |
_ametin _btxt _2rdacontent |
||
| 337 |
_aaracısız _bn _2rdamedia |
||
| 338 |
_acilt _bnc _2rdacarrier |
||
| 490 | 1 |
_a Timaş Yayınları ; _v3064. |
|
| 490 | 1 |
_aEdebiyat kitaplığı/öykü dizisi ; _v32. |
|
| 650 | 0 |
_aTürk hikayeleri. _99703 |
|
| 650 | 0 |
_aTurkish stories. _924136 |
|
| 830 | 1 |
_a Timaş Yayınları ; _v3064. _922714 |
|
| 830 | 1 |
_aEdebiyat kitaplığı/öykü dizisi ; _v32. _998659 |
|
| 907 | _aHikaye | ||
| 942 |
_2lcc _cBK |
||
| 999 |
_c52617 _d52617 |
||